000 00365nam a2200109Ia 4500
008 171211s9999 xx 000 0 und d
245 _aCompetition Policy and Patent Law under Uncertainty: Regulating Innovation
245 _cGeoffrey A. Manne and Joshua D. Wright
260 _c2011
650 _xBUSINESS
856 _uhttp://down.ebook777.com/062/9780521766746.pdf
999 _c349491
_d349491